Research on the Management of Innovation : (Record no. 592955)

MARC details
000 -LEADER
fixed length control field 00484nam a2200157 4500
008 - FIXED-LENGTH DATA ELEMENTS--GENERAL INFORMATION
fixed length control field 251023b |||||||| |||| 00| 0 eng d
020 ## - INTERNATIONAL STANDARD BOOK NUMBER
ISBN 9780195139761
Paper back/Hardbound pbk
041 ## - LANGUAGE CODE
Language code of text/sound track or separate title eng
082 ## - DEWEY DECIMAL CLASSIFICATION NUMBER
Classification number 658.514
Item number VEN
100 ## - MAIN ENTRY--AUTHOR NAME
Personal name Van de ven, Andrew
245 ## - TITLE STATEMENT
Title Research on the Management of Innovation :
Sub Title The Minnesota studies
Statement of responsibility, etc Andrew H. Van de Ven
260 ## - PUBLICATION, DISTRIBUTION, ETC. (IMPRINT)
Place of publication New delhi
Name of publisher Oxford university press
Year of publication 2000
300 ## - PHYSICAL DESCRIPTION
Number of Pages xxvii, 720 p., ill.: 25 cm.
942 ## - ADDED ENTRY ELEMENTS (KOHA)
Koha item type Reference
Holdings
Withdrawn status Lost status Damaged status Not for loan Home library Current library Shelving location Date acquired Full call number Accession Number Price effective from Koha item type
        Anna Centenary Library Anna Centenary Library 6TH FLOOR, B WING 10.08.2010 658.514 VEN 199139 23.10.2025 Reference

Find us on the map